01010nam a2200241 i 4500001001000000003000900010005001700019007000300036008004100039040003000080082002600110111007400136245012400210246006700334264007100401300005000472336002700522337003300549338002800582611008200610650002600692650005000718000041059DO-SdBNP20230530085708.0ta090701s2012 dr c 000 0 spa d aDO-SdBNPbspacBNPHUerda 4a021.7bF356, 20122222 aFeria Internacional del LibrocSanto Domingo, República Dominicana)10aXV Feria Internacional del Libro Santo Domingo 2012 :bexposición fotográfica, guerra abril 1965, de Milvio Pérez10aDecimoquinto Feria Internacional del Libro Santo Domingo, 2012 aSanto Domingo :bDirección General de la Feria del Libro,c2012. a1 volumen (sin paginar :bilustrado ;c14 cm. 2rdacontentatextobtxt 2rdamediaasin mediaciónbn 2rdacarrieravolumenbnc2 aFeria internacional del librod2012 :cSanto Domingo, República Dominicana) 4aFeria del libroy2012 4aFeria del librozRepública Dominicanay2012